Possibilities and Perspectives of Using Open Source Applications in Public Administration in Slovakia
Informatizácia verejnej správy. Využitie informačných a komunikačných technológií, open source softvér. Nové prístupy v manažmente verejnej správy. Vzdelávanie, tréning vo verejnej správe.
Saved in:
| Main Author: | |
|---|---|
| Other Authors: | |
| Format: | Book Chapter |
| Language: | English |
| Subjects: | |
| Tags: |
No Tags, Be the first to tag this record!
|
MARC
| LEADER | 00000nla a2200000 4500 | ||
|---|---|---|---|
| 001 | 0157956 | ||
| 005 | 20240502083351.1 | ||
| 041 | 0 | |a eng | |
| 044 | |a RS | ||
| 245 | 1 | 0 | |a Possibilities and Perspectives of Using Open Source Applications in Public Administration in Slovakia |c Eva Miháliková, Michal Grell |
| 520 | |a Informatizácia verejnej správy. Využitie informačných a komunikačných technológií, open source softvér. Nové prístupy v manažmente verejnej správy. Vzdelávanie, tréning vo verejnej správe. | ||
| 610 | 2 | 0 | |a správa verejná |
| 610 | 2 | 0 | |a informatizácia |
| 610 | 2 | 0 | |a softvér |
| 610 | 2 | 0 | |a manažment |
| 610 | 2 | 0 | |a vzdelávanie |
| 610 | 2 | 0 | |a Slovensko |
| 100 | 1 | |a Mihaliková, Eva | |
| 700 | 1 | |a Grell, Michal | |